[Event "Orel"]
[Site "Orel"]
[Date "1998.??.??"]
[Round "7"]
[White "Egin, Vladimir"]
[Black "Tevtyuev, Sergei"]
[Result "1-0"]
[WhiteElo "2470"]
[BlackElo "2370"]
[PlyCount "59"]
[EventDate "1998.??.??"]
[EventType "tourn"]
[EventRounds "13"]
[EventCountry "RUS"]
[EventCategory "6"]
[SourceTitle "EXT 2002"]
[Source "ChessBase"]
[SourceDate "2001.11.25"]
[SourceVersion "1"]
[SourceVersionDate "2001.11.25"]
[SourceQuality "1"]

1. e4 e5 2. Nf3 Nc6 3. Bb5 a6 4. Bxc6 dxc6 5. 0-0 f6 6. d4 Bg4 7. c3 Bd6 8. Be3 Ne7 9. Nbd2 Qd7 10. h3 h5 11. dxe5 Bxf3 12. Nxf3 Bxe5 13. Qb3 0-0-0 14. Rad1 Bd6 15. e5 fxe5 16. Nxe5 Qf5 17. Nf7 Nd5 18. Nxd8 Rxd8 19. c4 Nf4 20. Bxf4 Qxf4 21. g3 Qf5 22. Qd3 Qa5 23. a3 Rf8 24. b4 Qg5 25. c5 Be7 26. Rfe1 Bf6 27. Qe3 Qg6 28. Qe4 Qg5 29. h4 Qh6 30. Qe8+ 1-0

[Event "Orel"]
[Site "Orel"]
[Date "1998.??.??"]
[Round "3"]
[White "Kalugin, Sergei G"]
[Black "Tevtyuev, Sergei"]
[Result "1-0"]
[WhiteElo "2240"]
[BlackElo "2370"]
[PlyCount "121"]
[EventDate "1998.??.??"]
[EventType "tourn"]
[EventRounds "13"]
[EventCountry "RUS"]
[EventCategory "6"]
[SourceTitle "EXT 2002"]
[Source "ChessBase"]
[SourceDate "2001.11.25"]
[SourceVersion "1"]
[SourceVersionDate "2001.11.25"]
[SourceQuality "1"]

1. e4 d5 2. exd5 Qxd5 3. Nc3 Qa5 4. d4 Nf6 5. Nf3 Bg4 6. h3 Bh5 7. g4 Bg6 8. Ne5 e6 9. h4 Ne4 10. Qf3 Nxc3 11. h5 Ne4+ 12. c3 Bf5 13. gxf5 exf5 14. Qxf5 Nd6 15. Qf3 f6 16. Nc4 Nxc4 17. Bxc4 Nc6 18. Bd2 0-0-0 19. 0-0-0 Kb8 20. Rhg1 Qb6 21. Bf4 Na5 22. Bf7 a6 23. Rde1 Qb5 24. Qe2 Qf5 25. Qe4 Qb5 26. Qe2 Qf5 27. Bh2 g6 28. Qg4 Qxf2 29. Re2 Qf5 30. Qxf5 gxf5 31. Bf4 Nc6 32. Rge1 Bd6 33. Bxd6 Rxd6 34. Re8+ Rxe8 35. Rxe8+ Rd8 36. Rxd8+ Nxd8 37. Bg8 h6 38. Kd2 Kc8 39. Ke3 Kd7 40. Kf4 Nc6 41. Bd5 Ne7 42. Bxb7 a5 43. Ba6 Kd6 44. a4 c5 45. dxc5+ Kxc5 46. Be2 Kd6 47. Bf3 Kc5 48. b3 Kb6 49. b4 Ka7 50. Ke3 Ka6 51. Kd4 Kb6 52. Bg2 f4 53. Be4 Ka6 54. b5+ Ka7 55. c4 f3 56. Bxf3 Nf5+ 57. Ke4 Nd6+ 58. Kd5 Nb7 59. c5 Nd8 60. Kd6 Nf7+ 61. Kc7 1-0

[Event "Orel"]
[Site "Orel"]
[Date "1998.??.??"]
[Round "2"]
[White "Tevtyuev, Sergei"]
[Black "Pushkov, Nikolai"]
[Result "0-1"]
[WhiteElo "2370"]
[BlackElo "2520"]
[PlyCount "34"]
[EventDate "1998.??.??"]
[EventType "tourn"]
[EventRounds "13"]
[EventCountry "RUS"]
[EventCategory "6"]
[SourceTitle "EXT 2002"]
[Source "ChessBase"]
[SourceDate "2001.11.25"]
[SourceVersion "1"]
[SourceVersionDate "2001.11.25"]
[SourceQuality "1"]

1. d4 d6 2. e4 Nf6 3. Nc3 c6 4. Be3 Qa5 5. Qd2 e5 6. Nf3 Bg4 7. Bc4 Nbd7 8. dxe5 dxe5 9. Ng5 Bh5 10. f3 h6 11. Nh3 Bc5 12. 0-0-0 0-0-0 13. Bxc5 Nxc5 14. Qe3 Qb4 15. Bb3 Nfd7 16. Nf2 Qb6 17. Kb1 Nxe4 0-1